Fr. Conceicao Rodrigues College of Engineering

Semiconductor from Book to Breadboard: Complete textbook/LabManual (Record no. 20868)

MARC details
000 -LEADER
fixed length control field 00391nam a2200157Ia 4500
082 ## - DEWEY DECIMAL CLASSIFICATION NUMBER
Classification number 621.3815
Item number MCG
100 ## - MAIN ENTRY--PERSONAL NAME
Personal name Mc Gowan/Kevin
245 ## - TITLE STATEMENT
Title Semiconductor from Book to Breadboard: Complete textbook/LabManual
260 ## - PUBLICATION, DISTRIBUTION, ETC.
Name of publisher, distributor, etc. Delmar/Cengage
Date of publication, distribution, etc. 2012
366 ## - TRADE AVAILABILITY INFORMATION
Publishers's discount category 25
300 ## - PHYSICAL DESCRIPTION
Extent 320
546 ## - LANGUAGE NOTE
Language note ENGLISH
-- PAMPHALETS
650 ## - SUBJECT ADDED ENTRY--TOPICAL TERM
Topical term or geographic name entry element Semiconductor
654 ## - SUBJECT ADDED ENTRY--FACETED TOPICAL TERMS
Focus term semiconductor
942 ## - ADDED ENTRY ELEMENTS (KOHA)
Koha item type BOOK
Holdings
Withdrawn status Lost status Damaged status Not for loan Collection Home library Current library Date acquired Source of acquisition Cost, normal purchase price Inventory number Total Checkouts Full call number Barcode Date last seen Cost, replacement price Price effective from Koha item type
        CRC Fr. Agnel's C.Rodrigues College of Engineering Fr. Agnel's C.Rodrigues College of Engineering 17/03/2023 Allied Publishers 771.75 2820 dt 19/02/2013   621.3815 MCG 22563 17/03/2023 1029.00   BOOK